|
|
|
|
| LEADER |
01092nam a22002297a 4500 |
| 001 |
AAL6848 |
| 003 |
BD-DhAAL |
| 005 |
20160320190616.0 |
| 008 |
160320s 2001bg a|||| |||| 00| 0 ben d |
| 020 |
|
|
|a 9849490125
|
| 040 |
|
|
|a BD-DhAAL
|c BD-DhAAL
|
| 082 |
|
|
|a 306.08095492
|
| 245 |
|
|
|a রির্পোট জাতীয় আদিবাসী গোল্টেবিল বৈঠক /
|c সম্পাদনা ফিলিপ গাইন
|
| 260 |
|
|
|a ঢাকা :
|b সোসাইটি ফর এনভায়রনমেন্ট এন্ড হিউম্যান ডেভেলপমেণ্ট (সেড),
|c ২০০১
|
| 300 |
|
|
|a ৫৪ পৃ. :
|b চিত্র ;
|c ২০ সে.মি.
|
| 541 |
|
|
|e 6848
|
| 650 |
|
|
|a Indigenous peoples
|z Bangladesh
|9 18668
|
| 700 |
|
|
|a গাইন, ফিলিপ
|9 18669
|
| 852 |
|
|
|a Savar Campus Library
|c General Shelf
|
| 942 |
|
|
|2 ddc
|c BK
|
| 999 |
|
|
|c 37180
|d 37180
|
| 952 |
|
|
|0 0
|1 0
|2 ddc
|4 0
|6 306_080954920000000_REP
|7 0
|9 58457
|a SCL
|b SCL
|c GEN
|d 2016-03-20
|g 50.00
|l 0
|o 306.08095492 REP
|p 3020006848
|r 2016-03-20
|t 1
|w 2016-03-20
|y BK
|